00593nam a22001457a 4500003000400000005001700004008004100021040001400062100005800076245013200134260001000266300003300276500011100309504002700420OSt20171010095439.0120606t xxu||||| |||| 00| 0 eng d aMMSUcULS aBallesteros, Melanie Cecilia M., Ibe, Tiffany Rose I. aA LAN-based accounting system for the Ilocos Norte Water District (INWD) cMelanie Cecilia M. Ballesteros, Tiffany Rose I. Ibe  c2007  axvii, [166] leaves c28 cm.  aThesis (BS Computer Sciences) -- Mariano Marcos State University-College of Arts and Sciences, Batac City  aBibliography: leaf 80